000 00399pam a2200157 a 4500
020 _a8123910282
_c
041 _h
082 _a610.3
_bWEB
100 _aWEBSTER`S,.
245 _aWEBSTER`S MEDICAL DICTIONARY /
_cNULL.
_hTextual Documents
260 _aNULL :
_bCBS PUB. ,
_c2004.
300 _a256 : :
_bXII ; ;
_cA4+
_ePB.
504 _aGENERAL
653 _aKNOWLEDGE(GENERAL)
930 _a3239
999 _c797773
_d797773